Davis's comprehensive handbook of laboratory & diagnostic tests with nursing implications / (Record no. 22416)
[ view plain ]
| 000 -LEADER | |
|---|---|
| fixed length control field | 01012cam a2200277 a 4500 |
| 003 - CONTROL NUMBER IDENTIFIER | |
| control field | KenMUT |
| 005 - DATE AND TIME OF LATEST TRANSACTION | |
| control field | 20250724112728.0 |
| 008 - FIXED-LENGTH DATA ELEMENTS--GENERAL INFORMATION | |
| fixed length control field | 120917s2013 pau bf 001 0 eng |
| 020 ## - INTERNATIONAL STANDARD BOOK NUMBER | |
| International Standard Book Number | 9780803636644 |
| 020 ## - INTERNATIONAL STANDARD BOOK NUMBER | |
| International Standard Book Number | 9780077802165 |
| 040 ## - CATALOGING SOURCE | |
| Transcribing agency | MUT |
| 050 00 - LIBRARY OF CONGRESS CALL NUMBER | |
| Classification number | RB 38.2 |
| Item number | .L44 2013 |
| 100 1# - MAIN ENTRY--PERSONAL NAME | |
| Personal name | Van Leeuwen, Anne M. |
| 245 10 - TITLE STATEMENT | |
| Title | Davis's comprehensive handbook of laboratory & diagnostic tests with nursing implications / |
| 250 ## - EDITION STATEMENT | |
| Edition statement | 5th ed. |
| 260 ## - PUBLICATION, DISTRIBUTION, ETC. | |
| Place of publication, distribution, etc. | Philadelphia : |
| Name of publisher, distributor, etc. | F.A. Davis Co., |
| Date of publication, distribution, etc. | 2013. |
| 650 12 - SUBJECT ADDED ENTRY--TOPICAL TERM | |
| Topical term or geographic name entry element | Clinical Laboratory Techniques |
| Form subdivision | Handbooks. |
| 650 12 - SUBJECT ADDED ENTRY--TOPICAL TERM | |
| Topical term or geographic name entry element | Clinical Laboratory Techniques |
| Form subdivision | Nurses' Instruction. |
| 650 12 - SUBJECT ADDED ENTRY--TOPICAL TERM | |
| Topical term or geographic name entry element | Nursing Diagnosis |
| General subdivision | methods. |
| 650 22 - SUBJECT ADDED ENTRY--TOPICAL TERM | |
| Topical term or geographic name entry element | Diagnostic Techniques and Procedures |
| Form subdivision | Handbooks. |
| 650 22 - SUBJECT ADDED ENTRY--TOPICAL TERM | |
| Topical term or geographic name entry element | Diagnostic Techniques and Procedures |
| Form subdivision | Nurses' Instruction. |
| 700 1# - ADDED ENTRY--PERSONAL NAME | |
| Personal name | Poelhuis-Leth, Debra J. |
| 700 1# - ADDED ENTRY--PERSONAL NAME | |
| Personal name | Bladh, Mickey Lynn. |
| 700 1# - ADDED ENTRY--PERSONAL NAME | |
| Personal name | Van Leeuwen, Anne M. |
| 942 ## - ADDED ENTRY ELEMENTS (KOHA) | |
| Source of classification or shelving scheme | Library of Congress Classification |
| Koha item type | Books |
| Suppress in OPAC | No |
| Withdrawn status | Lost status | Source of classification or shelving scheme | Damaged status | Not for loan | Home library | Current library | Shelving location | Date acquired | Source of acquisition | Total checkouts | Full call number | Barcode | Date last seen | Price effective from | Koha item type |
|---|---|---|---|---|---|---|---|---|---|---|---|---|---|---|---|
| Library of Congress Classification | Murang'a University of Technology Library | Murang'a University of Technology Library | General stacks | 13/11/2024 | donation | RB38.2 .S37 2013 | 031255 | 13/11/2024 | 13/11/2024 | Books |